000 00676cam a2200241 4500500
005 20260405003145.0
041 _afre
042 _adc
100 1 0 _aSorente, Isabelle
_eauthor
245 0 0 _aRetrouver les grands espaces
260 _c2020.
500 _a100
690 _aAccélération
690 _aBulle
690 _aCarl Gustav Jung
690 _aIsabelle Sorente
690 _aLenteur
690 _aSouvenir
690 _aTemps
690 _aVitesse
786 0 _nPhilosophie magazine | 144 | 11 | 2020-11-01 | p. 30-31 | 1951-1787
856 4 1 _uhttps://shs.cairn.info/magazine-philosophie-magazine-2020-11-page-30?lang=fr&redirect-ssocas=7080
999 _c2064933
_d2064933